Relations internationales (Record no. 2786)
[ view plain ]
| 000 -LEADER | |
|---|---|
| fixed length control field | 01114cam a2200313Mi 4500 |
| 001 - CONTROL NUMBER | |
| control field | ocn690505825 |
| 003 - CONTROL NUMBER IDENTIFIER | |
| control field | TZ-ArACH |
| 005 - DATE AND TIME OF LATEST TRANSACTION | |
| control field | 20130916172923.0 |
| 008 - FIXED-LENGTH DATA ELEMENTS--GENERAL INFORMATION | |
| fixed length control field | 100901t20102010fr f pb 001 0 fre d |
| 020 ## - INTERNATIONAL STANDARD BOOK NUMBER | |
| International Standard Book Number | 9782729856984 (br) |
| 020 ## - INTERNATIONAL STANDARD BOOK NUMBER | |
| International Standard Book Number | 2729856986 (br) |
| 035 ## - SYSTEM CONTROL NUMBER | |
| System control number | (OCoLC)690505825 |
| 040 ## - CATALOGING SOURCE | |
| Original cataloging agency | ZWZ |
| Description conventions | ncafnor |
| Language of cataloging | fre |
| Transcribing agency | TZ-ArACH |
| 041 ## - LANGUAGE CODE | |
| Language code of text/sound track or separate title | Fre |
| 049 ## - LOCAL HOLDINGS (OCLC) | |
| Holding library | TZAA |
| 050 ## - LIBRARY OF CONGRESS CALL NUMBER | |
| Classification number | JZ1305 |
| Item number | .Z37 |
| 082 04 - DEWEY DECIMAL CLASSIFICATION NUMBER | |
| Classification number | 327 |
| Edition number | 22 |
| 100 1# - MAIN ENTRY--PERSONAL NAME | |
| Personal name | Zarka, Jean-Claude |
| Dates associated with a name | (1967-....). |
| Relator term | Auteur. |
| 9 (RLIN) | 13616 |
| 245 10 - TITLE STATEMENT | |
| Title | Relations internationales |
| Medium | [Texte imprimé] / |
| Statement of responsibility, etc | Jean-Claude Zarka,.... |
| 250 ## - EDITION STATEMENT | |
| Edition statement | 4e édition, mise à jour et enrichie. |
| 260 ## - PUBLICATION, DISTRIBUTION, ETC. (IMPRINT) | |
| Place of publication, distribution, etc | Paris : |
| Name of publisher, distributor, etc | Ellipses, |
| Date of publication, distribution, etc | 2010. |
| 300 ## - PHYSICAL DESCRIPTION | |
| Extent | 1 vol. (187 p.) : |
| Other physical details | couv. ill. ; |
| Dimensions | 22 cm. |
| 490 1# - SERIES STATEMENT | |
| Series statement | Mise au point |
| 504 ## - BIBLIOGRAPHY, ETC. NOTE | |
| Bibliography, etc | Bibliogr. p.173-[174]. Notes bibliogr. Index. |
| 650 #7 - SUBJECT ADDED ENTRY--TOPICAL TERM | |
| Topical term or geographic name as entry element | Relations internationales |
| Chronological subdivision | 1945-.... |
| General subdivision | Manuels d'enseignement supérieur. |
| Source of heading or term | ram |
| 9 (RLIN) | 13617 |
| 830 #0 - SERIES ADDED ENTRY--UNIFORM TITLE | |
| Uniform title | Mise au point (Paris. 1998) |
| 9 (RLIN) | 13618 |
| 942 ## - ADDED ENTRY ELEMENTS (KOHA) | |
| Source of classification or shelving scheme | Library of Congress Classification |
| Koha item type | Books |
| Home library | Current library | Shelving location | Date acquired | Full call number | Barcode | Koha item type |
|---|---|---|---|---|---|---|
| African Court on Human and Peoples' Rights Library | African Court on Human and Peoples' Rights Library | 16/09/2013 | JZ1305 .Z37 | 10237569 | Books |
